[Event "Veneto-ch qf 81st"]
[Site "Verona"]
[Date "2022.05.08"]
[Round "5.17"]
[White "Filippi, Marco"]
[Black "Pigato, Alex"]
[Result "1/2-1/2"]
[WhiteElo "1289"]
[BlackElo "1787"]
[PlyCount "72"]
[EventDate "2022.05.06"]
[EventType "swiss"]
[EventRounds "5"]
[EventCountry "ITA"]
[SourceTitle "EXT 2024"]
[Source "ChessBase"]
[SourceDate "2023.10.10"]
[SourceVersion "1"]
[SourceVersionDate "2023.10.10"]
[SourceQuality "1"]

1. e4 d6 2. d4 Nf6 3. Nc3 c6 4. Bd3 e5 5. dxe5 dxe5 6. Nf3 Nbd7 7. 0-0 Be7 8. Bg5 0-0 9. Qe2 Qc7 10. Rfd1 Nc5 11. Qe3 Nxd3 12. Rxd3 h6 13. Bh4 Be6 14. Rad1 Rad8 15. Qxa7 Ra8 16. Qe3 Bc4 17. R3d2 Ng4 18. Qe1 Bxh4 19. Nxh4 Be6 20. h3 Nf6 21. Nf3 b5 22. a3 g5 23. Qe3 Kh7 24. Qc5 Nd7 25. Rxd7 Bxd7 26. Qe7 Rad8 27. Nxe5 Rde8 28. Qxd7 Qxe5 29. Qxc6 b4 30. axb4 Rd8 31. Rxd8 Rxd8 32. b5 Qf4 33. Nd5 Qc1+ 34. Kh2 Rxd5 35. exd5 Qf4+ 36. Kg1 Qc1+ 1/2-1/2